Obrázky z dávneho života

Bibliographic Details
Main Authors: Žilka, Tibor, 1939- (Author), Mándy, Iván, 1918-1995 (Author)
Format: Article
Language:Slovak
Subjects:

MARC

LEADER 00000nab a2200000 a 4500
001 vtls000065258
003 SK-MaSNL
005 20260303025108.0
008 111103c1980 xo 0 slo
015 |a SNBRB19rr/mm-uuuuu 
035 |a CL0075358 
040 |a SNKBUCL  |b slo  |c SNKBUCL  |e AACR2 
041 0 |a slo 
044 |a xo  |c SK 
080 |a 82.09:894.511-3(048)  |2 1981 
080 |a 894.511-3(048)  |2 1981 
100 1 |a Žilka, Tibor,  |d 1939-  |4 aut  |9 100527 
245 1 0 |a Obrázky z dávneho života  |c Tibor Žilka ; Ivan Mándy 
650 0 7 |a poviedky mestské  |2 snkbucl  |9 1005812 
655 7 |a články z novín a časopisov  |2 snkbucl  |9 267496 
655 7 |a články z odboru literárna veda a krásna literatúra  |2 snkbucl  |9 770045 
700 1 |a Mándy, Iván,  |d 1918-1995  |4 aut  |9 192489 
773 0 |t Nové slovo  |g Roč. 22, č. 31 (1980), s. 20 
787 0 8 |i Rec.:  |a Mándy, Ivan  |t Kino zašlých čias  |d Bratislava : Smena, 1980 
850 |a Slovenská národná knižnica v Martine  |a MTA001 
852 |a SNK  |b KIS3GCP 
958 |a RK 
958 |a LX 
992 |a RBX 
999 |c 1644343  |d 1646273